1960 1262 1695 1020 1076 1524 1022 1349 1725 1197 1488 1606 1253 1892 1924 1949 1012 1204 1196 1560 1021 1513 1096 1170 1602 1301 1670 1999 1573 1478 1801 1379 1637 1521 1809 1106 1164 1875 1481 1082 1412 1173 1290 1005 1062 1359 1909 1676 1321 1379 1277 1960 1103 1702 1879 1668 1167 1374 1013 1320 1863 1939 1417 1317 1811 1869 1181 1529 1662 1870 1015 1832 1379 1641 1585 1468 1641 1218 1021 1797 1231 1921 1492 1697 1681 1695 1104 1880 1731 1875 1482 1763 1751 1180 1516 1605 1641 1160 1975 BCNSPRNW ULIB Ver.6.0+V

เปลี่ยนเป็นภาษาไทย

Change to English
 แสดงรายละเอียดบรรณานุกรม
  กลับหน้าหลัก

Brief Record : Get Marc (ISO 2709) : E-mail record : QR code < ปิดหน้าต่าง
LEADER : 00000nam 2200000uu 4500
001    13399115096
003     ULIB
008    120709s2551||||th 000 0 tha d
020    ^a9789741002368
090    ^aนว.^bจ575 2551
100 0  ^aเจ้าหญิงผู้เลอโฉม
245 00 ^aจอมเวทที่รักพิทักษ์ใจยัยจอมซ่าส์/^cเจ้าหญิงผู้เลอโฉม
250    ^aพิมพ์ครั้งที่ 1
260    ^aกรุงเทพฯ :^bแจ่มใส,^c2551
300    ^a226 หน้า
710 1  ^aแจ่มใส
945    ^p0^l0^i15326
995    ^aกัณชพร
999    ^aใช้งานได้ทุกระบบ
รายการนี้ยังไม่มีแท็ก
คุณยังไม่ได้ล็อกอิน คุณสามารถมีกิจกรรมร่วมกับเว็บไซต์ได้ แต่ต้องล็อกอินก่อน ::
  ล็อกอิน

รายการสื่อสารสนเทศ

ลำดับที่ ประเภท เลขเรียก/บาร์โค้ด สถานที่ สถานะ
1. นวนิยาย
นวนิยาย
นว. จ575 2551  
  Barcode: 15326
ห้องสมุดวิทยาเขตสวรรค์ประชารักษ์
►นวนิยาย
บนชั้น
  ขอยืม

รายการใกล้เคียง
    ผู้แต่ง [เจ้าหญิงผู้เลอโฉม]

BibComment


ยังไม่เคยถูกคอมเมนท์

คอมเมนท์ทรัพยากรรายการนี้
  คอมเมนท์: จอมเวทที่รักพิทั..


 Copyright 2026. Bcnsprnw @Library